| 000 | 00615nam a2200241Ia 4500 | ||
|---|---|---|---|
| 008 | 160803s9999 xx 000 0 und d | ||
| 020 | _a 978-1619631960 | ||
| 100 | _aSattler, Jennifer | ||
| 245 | _aPig kahuna / | ||
| 245 | _cJennifer Sattler. | ||
| 260 | _aNew York : | ||
| 260 | _bScholastic Inc. | ||
| 260 | _c2011 | ||
| 300 | _a1 volume (unpaged) : | ||
| 300 | _bcolor illustration ; | ||
| 300 | _c23 x 25 cm | ||
| 500 | _aOriginally published: New York : Bloomsbury, c2011. | ||
| 650 | _aPigs -- | ||
| 650 | _aSurfing -- | ||
| 650 | _xFiction. | ||
| 650 | _xFiction. | ||
| 700 | _a490 | ||
| 999 |
_c298358 _d298358 |
||